Quiz sur Londres - Statistiques

Statistiques générales
  • Ce quiz a été pris 363 fois
  • Le résultat moyen est 14 sur 30
Statistiques - réponses
Question Réponse % Correct
Couleur des bus à étage à Londres Rouge
100%
Capitale de quel pays ? Royaume-Uni
96%
Grande tour de l'horloge du palais de Westminster Big Ben
95%
Fleuve qui traverse la ville Tamise
85%
Couleur des taxis de Londres Noir
82%
Palais officiel du roi Buckingham palace
71%
Célèbre grande roue de Londres London Eye
70%
Dernière année où la ville a reçu les JO d'été 2012
61%
Nombre de clubs de foot évaluant dans la ville en Première Ligue 6
59%
Quartier des affaires de Londres La City
58%
Musée le plus connu de Londres British Museum
53%
Nom du métro de Londres London Underground
52%
Célèbre pont qui traverse le fleuve de Londres Tower Bridge
51%
Célèbre radio de la ville BBC
49%
Population d'un pays étranger majoritaire à Londres derrière les anglais Inde / indiens
49%
Sous quel méridien est traversé Londres Méridien de Greenwich
47%
Plus gros aéroport de la ville Londres-Heathrow
46%
Lieu de résidence du Premier Ministre 10 Downing Street
41%
Plus grand parc de Londres Hyde Park
41%
Peuple qui a fondé la ville Romains
31%
Religion majoritaire à Londres Christianisme
30%
Année du Grand incendie de Londres 1666
28%
Place piétonne la plus célèbre à Londres Piccadilly Circus
28%
Cathédrale de la ville Saint-Paul / Cathédrale Saint-Paul
28%
Quartier ou se situe Chinatown Soho
28%
Nom des taxis de Londres Blacks Cabs
17%
Plus grand nuage de pollution qui a recouvert Londres Smog
16%
Maire de Londres Sadiq Khan
13%
Jardin avec le plus grand nombre de variétés de plantes au monde Kew Gardens
3%
Lieu de sépulture d'une partie des rois et reines d'Angleterre Abbaye de Westmister
2%
Aucun quiz correspondant
Distribution des résultats
% des personnes avec chaque résultat
Percentile par nombre de réponses
Votre historique - résultats
Vous n’avez pas pris ce quiz